skbl

Dr Suryya Kumar Bhuyan Library Web-OPAC
ডঃ সূৰ্য্য
কুমাৰ ভূঞা পুথিভঁৰাল ৱেব-অ'পেক

All Research Scholars are advised to clear the annual library fees to continue using Library Resources, Remote Access, Plagiarism Test and Library Clearance.

Cotton University Book Fair 2026

Asamiya Bhasar Era-Botala / (Record no. 12542)

MARC details
000 -LEADER
fixed length control field 00891nam a2200337Ia 4500
001 - CONTROL NUMBER
control field 12556
005 - DATE AND TIME OF LATEST TRANSACTION
control field 20240113235403.0
007 - PHYSICAL DESCRIPTION FIXED FIELD--GENERAL INFORMATION
fixed length control field ta
008 - FIXED-LENGTH DATA ELEMENTS--GENERAL INFORMATION
fixed length control field 051021s1989 a g b000 u asm u
040 ## - CATALOGING SOURCE
Original cataloging agency Cotton College,Assam
041 ## - LANGUAGE CODE
Language code of text/sound track or separate title asm
082 ## - DEWEY DECIMAL CLASSIFICATION NUMBER
Classification number 491.4103
Item number Sh 11 As
100 ## - MAIN ENTRY--PERSONAL NAME
Personal name Sarma, Sarat Chandra .
245 #0 - TITLE STATEMENT
Title Asamiya Bhasar Era-Botala /
Statement of responsibility, etc. Sarat Chandra Sarma.
Medium Textual Documents
250 ## - EDITION STATEMENT
Edition statement 1st ed. /
260 ## - PUBLICATION, DISTRIBUTION, ETC.
Place of publication, distribution, etc. Guwahati :
Name of publisher, distributor, etc. Devjyoti Bezbarua ,
Date of publication, distribution, etc. 1989.
300 ## - PHYSICAL DESCRIPTION
Extent 254p. :
Other physical details ill. ;
Dimensions 25cm .
653 ## - INDEX TERM--UNCONTROLLED
Uncontrolled term Assamese Dictionary
653 ## - INDEX TERM--UNCONTROLLED
Uncontrolled term Dictionary-Assamese
653 ## - INDEX TERM--UNCONTROLLED
Uncontrolled term G-Assamese
653 ## - INDEX TERM--UNCONTROLLED
Uncontrolled term Assamese Language-Dictionary
653 ## - INDEX TERM--UNCONTROLLED
Uncontrolled term T/G-Assamese
653 ## - INDEX TERM--UNCONTROLLED
Uncontrolled term Ref Section-Assamese
942 ## - ADDED ENTRY ELEMENTS (KOHA)
Source of classification or shelving scheme Dewey Decimal Classification
Koha item type Books
Holdings
Withdrawn status Lost status Damaged status Not for loan Collection Home library Current library Date acquired Coded location qualifier Total checkouts Full call number Barcode Date last seen Copy number Price effective from Koha item type
          Dr. Suryya Kumar Bhuyan Library Dr. Suryya Kumar Bhuyan Library 01/02/2012 00000   491.4103 Sh 11 As 89080 13/01/2024 4 01/02/2012 Books
          Dr. Suryya Kumar Bhuyan Library Dr. Suryya Kumar Bhuyan Library 01/02/2012 00000   491.4103 Sh 11 As 1725/Ass 13/01/2024 5 01/02/2012 Books
          Dr. Suryya Kumar Bhuyan Library Dr. Suryya Kumar Bhuyan Library 01/02/2012 00000   491.4103 Sh 11 As 89076 13/01/2024 1 01/02/2012 Books
          Dr. Suryya Kumar Bhuyan Library Dr. Suryya Kumar Bhuyan Library 01/02/2012 00000   491.4103 Sh 11 As 89078 13/01/2024 3 01/02/2012 Books
          Dr. Suryya Kumar Bhuyan Library Dr. Suryya Kumar Bhuyan Library 01/02/2012 00000   491.4103 Sh 11 As 89079 13/01/2024 2 01/02/2012 Books

Designed and Maintained by Team SKBL
©1901-2026

Powered by Koha